Frescos de Goya (Record no. 13527)

MARC details
000 -LEADER
campo de control de longitud fija 00955nam a2200277 i 4500
001 - NÚMERO DE CONTROL
campo de control 13527
003 - IDENTIFICADOR DE NÚMERO DE CONTROL
campo de control ES-MaACL
005 - FECHA Y HORA DE LA ÚLTIMA TRANSACCIÓN
campo de control 20250822062525.0
007 - CAMPO FIJO DE DESCRIPCIÓN FÍSICA--INFORMACIÓN GENERAL
campo de control de longitud fija t|
008 - DATOS DE LONGITUD FIJA--INFORMACIÓN GENERAL
campo de control de longitud fija 980428s1994 sp ||||1| spa d
020 ## - NÚMERO INTERNACIONAL ESTÁNDAR DEL LIBRO
Número Internacional Estándar del Libro 84-89114-00-5
080 ## - NÚMERO DE LA CLASIFICACIÓN DECIMAL UNIVERSAL
Número de la Clasificación Decimal Universal 75 Goya, Francisco de
080 ## - NÚMERO DE LA CLASIFICACIÓN DECIMAL UNIVERSAL
Número de la Clasificación Decimal Universal 726.54(460.27 M.)
100 1# - ENTRADA PRINCIPAL--NOMBRE DE PERSONA
Nombre de persona Rivas Capelo, Mª José.
9 (RLIN) 97568
245 10 - MENCIÓN DEL TÍTULO
Título Frescos de Goya
Resto del título : guía de la ermita de San Antonio de la Florida /
Mención de responsabilidad, etc. Mª José Rivas Capelo.
260 ## - PUBLICACIÓN, DISTRIBUCIÓN, ETC.
Lugar de publicación, distribución, etc. Madrid :
Nombre del editor, distribuidor, etc. Museos Municipales,
Fecha de publicación, distribución, etc. D.L. 1994.
300 ## - DESCRIPCIÓN FÍSICA
Extensión 40 p. :
Otras características físicas il. col. y n. ;
Dimensiones 24 cm.
600 14 - PUNTO DE ACCESO ADICIONAL DE MATERIA--NOMBRE DE PERSONA
Nombre de persona Goya, Francisco de,
Fechas asociadas al nombre 1746-1828
9 (RLIN) 240353
610 27 - PUNTO DE ACCESO ADICIONAL DE MATERIA--NOMBRE DE ENTIDAD CORPORATIVA
Nombre de entidad corporativa o nombre de jurisdicción como elemento de entrada Ermita de San Antonio de la Florida (Madrid)
9 (RLIN) 3505
710 2# - ENTRADA AGREGADA--NOMBRE DE ENTIDAD CORPORATIVA
Nombre de entidad corporativa o nombre de jurisdicción como elemento de entrada Museo Municipal de Madrid
9 (RLIN) 5892
710 2# - ENTRADA AGREGADA--NOMBRE DE ENTIDAD CORPORATIVA
Nombre de entidad corporativa o nombre de jurisdicción como elemento de entrada Museos Municipales (Madrid)
9 (RLIN) 5931
740 0# - ENTRADA AGREGADA--TÍTULO RELACIONADO/ANALÍTICO NO CONTROLADO
Título relacionado o analítico no controlado Guía de la ermita de San Antonio de la Florida.
852 ## - LOCALIZACIÓN
Ubicación ES-MaACL
Número de control de estantería 2152-F-5
Sublocalización o colección R.126542
942 ## - ELEMENTOS DE ENTRADA SECUNDARIOS (KOHA)
Fuente del sistema de clasificación o colocación Clasificación decimal universal
Holdings
Estatus retirado Estado de pérdida Estado de daño No para préstamo Colección Biblioteca de origen Biblioteca actual Ubicación en estantería Fecha de adquisición Fuente de adquisición Total de préstamos Signatura topográfica completa Código de barras Visto por última vez Precio de reemplazo Tipo de ítem Koha
        Colección de folletos Biblioteca del Ateneo de Madrid Biblioteca del Ateneo de Madrid Depósito folletos 17/01/2008     2152-F-5 1013770 23/02/2023 23/02/2023 Folleto